[Event "New York op"]
[Site "New York"]
[Date "1998.03.16"]
[Round "2"]
[White "Lugo, Blas"]
[Black "Epishin, Vladimir"]
[Result "1-0"]
[WhiteElo "2420"]
[BlackElo "2590"]
[Annotator "Atlas,V"]
[PlyCount "65"]
[EventDate "1998.03.16"]
[EventType "swiss"]
[EventRounds "9"]
[EventCountry "USA"]
[SourceTitle "CBM 064"]
[Source "ChessBase"]
[SourceDate "1998.06.02"]
[SourceVersion "1"]
[SourceVersionDate "1998.06.02"]
[SourceQuality "1"]

1. e4 {Gofshtein,L} c5 2. Nf3 d6 3. d4 cxd4 4. Nxd4 Nf6 5. Nc3 Nc6 6. Be3 e5 (
6... Ng4 {Gofshtein,L}) 7. Nb3 (7. Nf3 {Gofshtein,L} Be7 8. Bc4 O-O 9. O-O Be6
10. Bb3 Na5 11. Qe2 Qc8 12. Rfd1 Nc4 $132 {Sherzer-Sakaev,Eu Club Cup Final
1996}) (7. Nde2 {Gofshtein,L} Be7 8. g3 Ng4 9. Nd5 Nxe3 10. fxe3 Bg4 $11 {
Velimirovic-Csom,Zagreb 1972}) 7... Be7 (7... Be6 {Gofshtein,L} 8. Qd2 d5 9.
exd5 Nxd5 10. Nxd5 Qxd5 11. Qxd5 Bxd5 12. O-O-O O-O-O 13. f3 f5 $11 {
Timann-Van Der Wiel,Amsterdam 1986}) 8. f3 (8. Be2 {Gofshtein,L} Be6 9. O-O O-O
10. f4 (10. Qd2 a5 11. a4 Nb4 12. Bf3 Rc8 13. Rfd1 Ng4 $132 {
Leppeletier-Kortschnoj/Cannes/1996}) (10. Kh1 Na5 11. Nd2 Rc8 12. f4 exf4 13.
Rxf4 Nd7 14. Rf1 Bf6 $15 {Danielian-Ruskin,1994 Vladivostok}) 10... exf4 11.
Bxf4 d5 12. exd5 Nxd5 13. Nxd5 Bxd5 14. Kh1 $11 {Ostojich-Gufeld Skopje 1969})
8... O-O (8... Be6 {Gofshtein,L} 9. Qd2 d5 10. exd5 Nxd5 11. Nxd5 Qxd5 12. Qxd5
Bxd5 13. O-O-O O-O-O 14. Bb5 Kc7 15. Rd2 b6 $11 {Savko-Petkevich Latvia 1994})
9. Qd2 Be6 10. O-O-O a5 (10... a6 {Gofshtein,L} 11. g4 b5 12. h4 Na5 13. Nd5
$13 {Pribl-Pisk,Chech Rep. 1995}) 11. Bb5 $1 ({It seems a stronger reaction
than} 11. a4 Nb4 12. g4 d5 13. g5 Nxe4 14. fxe4 d4 15. Qg2 Qb8 16. Nxd4 exd4
17. Bxd4 Qf4+ 18. Kb1 Qxg5 19. Qf2 Qh4 20. Qg2 g6 21. Nd5 Nxd5 22. exd5 Qh5 23.
Bc4 $13 {0-1 Pribyl,M-Gross,S/CZE-chT9495 1995 (64)}) 11... Qc7 12. Kb1 (12.
Qf2 {Gofshtein,L} Nd7 13. Kb1 Rfc8 14. a4 Nb4 15. g4 Bc4 16. Bxc4 Qxc4 $132 {
Gilden-Commons,Chicago 1974}) 12... Rfc8 13. g4 (13. Na4 {is met by} Nd7) 13...
Nd7 14. h4 Nb6 15. g5 Nc4 (15... a4 $5 16. Bxb6 Qxb6 17. Bxa4 Nb4 $132 {
offered Black considerable compensation for the sacrificed pawn.} (17... Nb4 {
Gofshtein,L} 18. a3 d5 19. axb4 (19. exd5 Bf5 20. axb4 Bxb4 21. d6 Bxc3 22.
bxc3 Rxa4 $13) 19... d4 20. Nxd4 exd4 21. Qxd4 Qa6 $5 $40 (21... Qxb4 $5 22.
Qxb4 Bxb4 $44 23. Bd7 $2 Rxc3 24. Bxe6 fxe6 25. Rd4 Rc6 26. Rxb4 Rca6 $19) (
21... Qxd4 $6 22. Rxd4 Rxc3 23. bxc3 Rxa4 24. f4 g6 25. Rf1 $16))) 16. Bxc4
Bxc4 17. h5 Nd8 (17... a4 $5 $132 {Gofshtein,L}) 18. Nd5 (18. g6 $6 {Gofshtein,
L} a4 19. Nc1 a3 $36) 18... Bxd5 19. exd5 Qd7 $6 (19... a4 20. Nc1 Qd7 {
followed by doubling the rooks along the c-file, was much stronger.} (20... a3
$132 {Gofshtein,L})) 20. Qd3 $1 {Seizing contol over the b1-h7 diagonal and
vacating an important d2-square for the knight.} b5 ({Or} 20... a4 21. Nd2 $40)
21. Rdg1 Rc4 $6 {Unfortunate choice. More chances yielded 21...Nb7, although
White's attack on the kingside is extremely dangerous.} (21... Rc7 {fails to}
22. Bb6) 22. Nd2 Rac8 $6 ({A desperate exchange sacrifice, which is easily
refuted by White. Yet after} 22... Rc7 {White's attack seems irresistible.} 23.
Ne4) 23. Nxc4 bxc4 24. Qe4 c3 25. b3 Bf8 26. Qg4 Qb7 27. g6 a4 28. gxh7+ Kxh7 (
28... Kh8 {loses after} 29. Bh6 f5 30. Qxf5 $18) 29. Bh6 $3 {[%csl Rg6,Rg7,Rh7]
[%cal Gg2g7,Gg1g7,Gh6g7] Beautiful move. After the bishop thrust, White's
attack is irresistible.} axb3 (29... gxh6 30. Qg8#) (29... Kxh6 30. Qg6+ $1
fxg6 31. hxg6#) 30. axb3 Qxd5 31. Qf5+ Kh8 32. Bxg7+ $1 {The decisive blow.
Now mate is inevitable.} Bxg7 33. h6 1-0

[Event "SUI-chT"]
[Site "Switzerland"]
[Date "1998.??.??"]
[Round "?"]
[White "Atlas, Valeri"]
[Black "Ekstroem, Roland"]
[Result "1-0"]
[WhiteElo "2465"]
[BlackElo "2490"]
[Annotator "Atlas,V"]
[PlyCount "93"]
[EventDate "1998.03.29"]
[EventType "team-tourn"]
[EventRounds "9"]
[EventCountry "SUI"]
[SourceTitle "CBM 064"]
[Source "ChessBase"]
[SourceDate "1998.06.02"]
[SourceVersion "1"]
[SourceVersionDate "1998.06.02"]
[SourceQuality "1"]

1. e4 c5 2. Nf3 Nc6 3. Nc3 d6 4. d4 cxd4 5. Nxd4 Nf6 6. g3 Nxd4 $5 7. Qxd4 g6
8. Be3 $5 {A new plan.} (8. e5 {deserves serious attention:} dxe5 9. Qxd8+ Kxd8
10. Bg2 Bf5 $13 (10... a6 $5 11. Be3 Kc7)) 8... Bg7 9. Qd2 $1 O-O (9... Ng4 10.
Bd4 Ne5 11. Be2 $14 {/+/-}) 10. Bd4 $1 {[%cal Gf1g2,Gc3d5,Gd4g7] /\Bg2, Nd5} b5
$6 ({Dubious sacrifice. Still, after} 10... e5 11. Be3 Ng4 12. Bc4 {White is
clearly better} (12. Bg2 $14 {/+/-})) (10... Be6 11. Bg2 $14 {/\Nd5}) 11. Bxb5
$1 (11. Bg2 $6 e5 12. Be3 b4 $15) (11. a3 $6 Bb7 12. Bg2 e5 13. Be3 a5 $36)
11... Bb7 ({After} 11... Rb8 {the best reaction is} 12. Bc4 (12. Ba4 $6 Rb4 $1)
12... Rxb2 $140 (12... Rb4 13. b3 $16) 13. Bb3 $16) 12. f3 e5 13. Be3 d5 14.
exd5 Nxd5 15. Nxd5 Qxd5 (15... Bxd5 16. O-O $16) 16. Qxd5 Bxd5 17. O-O e4 18.
Rad1 $5 (18. c4 {also yielded White large advantage:} a6 (18... Be6 19. fxe4)
19. cxd5 axb5 20. fxe4 $16 Bxb2 $140 21. Rab1 Rxa2 $4 22. Rf2 $18) 18... Bxa2 (
18... Be6 {fails to} 19. Bc6 Rac8 20. Bxe4 Bxb2 21. Bxa7 Bxa2 22. Rf2 $16) 19.
Bc6 $1 (19. b3 $2 {proves wrong after} Rfc8 $1 20. Rf2 Rc3 $36) 19... Bc4 (
19... Rac8 {falls short after} 20. Bxe4 Bxb2 21. Bxa7 $16) 20. Bxa8 Rxa8 21. b3
$1 $16 (21. Rfe1 Bxb2 $132 (21... exf3 22. b3 Be2 23. Rd7)) 21... Bxf1 22. Kxf1
exf3 23. Kf2 a5 24. Kxf3 $6 ({Not the best move in the time trouble. Stronger
was} 24. c4 $1 $16) 24... Bc3 25. Rd7 h5 26. Rc7 Be5 27. Ra7 $5 Rxa7 28. Bxa7
Bc7 (28... Bc3 $6 {falls short after} 29. Bb6 {/\Ke4-d3}) 29. Be3 $5 (29. c4
Kf8 30. c5 Ke7 $132) 29... Kf8 30. Bf4 Bd8 31. Ke4 Ke7 32. Kd5 Kd7 33. c4 (33.
h3 $5 g5 34. Bd6 $16) 33... g5 34. Be5 g4 (34... f5) (34... Bb6 35. c5 Bc7) 35.
Bf4 h4 $2 {A decisive mistake.} (35... Bc7 $2 36. Bxc7 Kxc7 37. Ke5 Kc6 (37...
Kd7 38. Kf6 Ke8 39. Kg5 $18) 38. Kf6 Kc5 39. Kxf7 Kb4 40. Kg6 Kxb3 41. c5 a4
42. c6 a3 43. c7 a2 44. c8=Q a1=Q 45. Kxh5 $18) ({Correct was} 35... Bb6 {/\Bg1
} 36. c5 Bc7) 36. gxh4 Bxh4 37. Ke5 $1 $18 {/\Kf5, ><g4 This move decides the
game.} Kc6 38. Kf5 Kc5 39. Kxg4 Be1 40. Be3+ $1 Kb4 41. c5 Kb5 42. Kg5 $1 (42.
h4 $6 f5+ $1) 42... Bc3 43. Kf5 $1 Kc6 44. h4 Kd5 45. h5 Bg7 46. Kg5 (46. h6 $2
Bxh6 47. Bxh6 Kxc5 $11) 46... Kc6 47. h6 1-0

[Event "Capablanca Memorial Premier 33rd"]
[Site "Havana"]
[Date "1998.05.13"]
[Round "6"]
[White "Vallejo Pons, Francisco"]
[Black "Abreu Delgado, Aryam"]
[Result "1-0"]
[WhiteElo "2415"]
[BlackElo "2410"]
[Annotator "Atlas,V"]
[PlyCount "101"]
[EventDate "1998.05.07"]
[EventType "tourn"]
[EventRounds "13"]
[EventCountry "CUB"]
[EventCategory "8"]
[SourceTitle "CBM 065"]
[Source "ChessBase"]
[SourceDate "1998.08.06"]
[SourceVersion "1"]
[SourceVersionDate "1998.08.06"]
[SourceQuality "1"]

1. e4 c5 2. Nc3 Nc6 3. Nge2 d6 4. d4 cxd4 5. Nxd4 Nf6 6. g3 Bg4 7. f3 Bd7 8.
Be3 Nxd4 (8... g6 9. Bg2 Bg7 10. O-O O-O 11. Nd5 Rc8 12. c3 Ne5 13. Qe2 Re8 14.
Bf2 a6 15. Rfe1 {Boleslavsky,I-Suetin,A/URS-ch20 1952/1-0 (63)}) 9. Qxd4 ({
The bishop capture is also quite popular nowadays:} 9. Bxd4 Bc6 10. Bc4 e6 11.
Qe2 Be7 12. O-O-O O-O 13. g4 a6 14. g5 Nh5 15. Rhg1 b5 16. Bb3 Bxg5+ 17. Kb1
Nf4 18. Qf1 Ng6 19. h4 Bf6 20. h5 Bxd4 21. Rxd4 e5 22. hxg6 exd4 23. Qh3 h6 24.
gxf7+ Kh7 25. Rg6 {1-0 Mohr,G-Lendwai,R/Graz op 1996 (40)}) 9... Qa5 (9... g6 {
is another option:} 10. Qd2 Bg7 11. O-O-O O-O 12. Kb1 b5 13. Bxb5 Bxb5 14. Nxb5
Qb8 15. Nc3 Rc8 16. Bd4 Rc4 17. Qe2 Rb4 18. b3 e6 19. Qa6 Qc7 20. Nb5 Qc4 21.
a4 Rd8 22. Rd3 Ne8 23. Bxg7 Kxg7 24. Rc3 Nc7 25. Qa5 {1-0 Watson,W-Enders,P/
BL9697 1997}) 10. g4 h6 11. O-O-O e5 12. Qd2 Be7 13. Kb1 Be6 14. a3 a6 15. Qf2
(15. Nd5 {does not promise White any advantage:} Qxd2 16. Nxf6+ Bxf6 17. Rxd2
Rd8 {(planning the pawn advance d6-d5)} 18. Bb6 (18. c4 Bg5 $1 19. Bxg5 $8 hxg5
{, with a good play for Black.}) 18... Rd7 (18... Bg5 19. Rd1 Rd7 20. h4 Bf4
21. c4 h5 $140 22. g5) 19. c4 h5 {, with counterplay.}) 15... Qc7 (15... Nd7 $6
{is strongly met by} 16. Nd5) 16. h4 b5 17. Bh3 {Threatening 18.g5 Bxh3 (18...
hxg5 19.Bxe6 fxe6 20.hxg5) 19.gxf6, winning.} Nd7 18. f4 Rb8 $6 (18... exf4 19.
Bxf4 Ne5 {offered more chances to obtain counterplay.}) 19. Qd2 a5 $2 (19...
exf4 20. Bxf4 Ne5 {was to be preferred.}) 20. f5 Bc4 21. Bf1 $1 {[%csl Rd5]
[%cal Gf1c4,Gc3d5] Exchanging the light-squared bishop, White reaches full
control over the key central d5-square.} b4 22. axb4 axb4 23. Bxc4 Qxc4 24. Nd5
{With the idea 25.b3.} b3 25. Qd3 Qa4 26. cxb3 Qxb3 (26... Rxb3 {fails to} 27.
Qc2 {, threatening 28.Rd3 and 28.Qc8. The arising ending, however, is almost
hopeless for Black.}) 27. Qxb3 Rxb3 28. Kc2 Rb8 29. g5 $1 {This thematic pawn
advance, preventing 29...Nf6, significantly reduces Black's defensive chances.}
Bd8 {Intending to play 30...Nb6 or 30...Bb6.} 30. Ra1 $1 {[%csl Rb6][%cal
Ga1a8,Ge3b6,Gd5b6,Gd7b6,Gd8b6,Gb8b6,Ga8h8] [The rook move prevents 30...Nb6 ,
which loses immediately in view of 31.Bxb6 Bxb6 32.Nxb6 Rxb6 33.Ra8+ , and
practically forces Black's next move.]} Nc5 31. Bxc5 {After exchanging his
bishop for the black knight, White enjoys permanent superiority of his
centralized knight over the black passive bishop and by simple means converts
his large positional advantage.} dxc5 32. Rag1 ({The untimely pawn advnace} 32.
g6 $2 {is strongly met by} fxg6 33. fxg6 O-O $1 {, with excellent play for
Black.}) 32... Rc8 33. g6 $1 Rc6 (33... fxg6 34. Rxg6 $18) 34. gxf7+ Kxf7 35.
h5 {Fixing the pawns on the kingside and releasing the rooks for the decisive
operations on the queenside.} Bg5 36. Ra1 Rd8 37. Ra7+ Kf8 38. Rha1 Rcd6 39.
Rb7 {Threatening 40.Ra7 and forcing the rook exchange.} R6d7 40. Rxd7 Rxd7 41.
Ra5 c4 (41... Be7 42. Nxe7 $140 Kxe7 43. Rxc5 Kf6 {was more stubborn.}) 42. Ra4
Bh4 43. Rxc4 Bf2 44. b4 Ra7 45. Rc8+ Kf7 46. Rc7+ Rxc7+ 47. Nxc7 Kf6 48. Ne6 g5
49. hxg6 h5 50. Kd3 Be1 51. b5 1-0

[Event "Reggio Emilia 9798 40th"]
[Site "Reggio Emilia"]
[Date "1997.12.26"]
[Round "1"]
[White "Belotti, Bruno"]
[Black "Efimov, Igor"]
[Result "0-1"]
[WhiteElo "2410"]
[BlackElo "2540"]
[Annotator "Atlas,V"]
[PlyCount "110"]
[EventDate "1997.12.26"]
[EventType "tourn"]
[EventRounds "11"]
[EventCountry "ITA"]
[EventCategory "10"]
[SourceTitle "CBM 063"]
[Source "ChessBase"]
[SourceDate "1998.03.26"]
[SourceVersion "1"]
[SourceVersionDate "1998.03.26"]
[SourceQuality "1"]

1. e4 c5 2. Nf3 d6 3. d4 cxd4 4. Nxd4 Nf6 5. Nc3 Bd7 6. Bg5 e6 7. Qd3 (7. f4
Qb6 8. Qd2 Nc6 9. Ndb5 a6 10. Na4 Qd8 11. Bxf6 gxf6 12. Nxd6+ Bxd6 13. Qxd6
Qa5+ 14. Nc3 O-O-O 15. Qd2 f5 16. Bd3 Nb4 17. O-O Bc6 18. Qe3 Nxd3 19. cxd3 {
1/2-1/2 Holzke,F-Kengis,E/BL2-W 1992 (62)}) 7... a6 8. f4 h6 9. Bh4 Be7 10. Nf3
Bc6 11. O-O-O Nbd7 12. Qe2 O-O 13. Kb1 $6 ({Unfortunate choice. King move
yields Black durable intiative. Still, after} 13. Bf2 b5 {/\b4, ><e4 Black has
excellent counterplay.}) 13... Nxe4 $1 14. Nxe4 Bxh4 15. Nxd6 Be7 16. Nc4 Rc8
17. Nfe5 Qc7 18. Nxc6 Qxc6 19. Na5 Qc7 20. Nb3 Nb6 21. Qe4 Bf6 {[%csl Rb2,Rc2]
[%cal Gf6b2,Gb6d5,Gb6c4,Gc7c2] The black pieces are actively placed and ready
for active operations near the residence of the white king.} 22. Bd3 g6 23. h4
Nd5 24. h5 Nc3+ $1 {Thematic sacrifice. Weakness of the main diagonal allows
Black to develop very dangerous attack.} 25. bxc3 Qxc3 {[%csl Ra1,Rb2][%cal
Gf6a1]} 26. Kc1 Rfd8 $1 {Involving the f8 rook into play and threatening 27...
Qb2+ 28.Kd2 Rc2+.} 27. Rd2 (27. hxg6 Qb2+ 28. Kd2 Rxc2+ 29. Ke3 (29. Ke1 Bc3+
30. Kf1 Rxd3 $3 31. Qxd3 (31. Rxd3 Qb1+ {with mate in three}) 31... Rf2+ 32.
Kg1 Rxg2+ 33. Kf1 Qf2#) 29... Rxd3+ $3 (29... Rxg2 30. gxf7+ Kf8 31. Rd2) 30.
Qxd3 (30. Kxd3 $2 Qc3#) (30. Rxd3 $2 Re2+ 31. Kf3 Rxe4 $19) 30... Rc3 {, with
good winning perspectives.}) 27... Rd4 $1 {Another excellent move. The black
rook, being invulnerable in view of 28.Nd4 Qa1# is transferred to the b-file,
aiming at the b3 knight -the main defender of the white king.} 28. Qe3 Rb4 {
Now the threat is 28...Rb3 29.ab3 Qa1#.} 29. Kd1 Rxb3 $1 30. Ke2 ({Or} 30. axb3
Qa1+ 31. Ke2 Qxh1 {, and Black must win.}) 30... Qc6 $1 ({Choosing the
strongest continuation. After} 30... Rb4 31. hxg6 {White's initiative is very
dangerous.}) 31. Qg3 ({Certainly not} 31. axb3 Qxg2+ 32. Qf2 Qxh1 $19) 31...
Rxd3 $1 {Exchange sacrifice minimizes White's attacking chanes and yields
Black a durable positional advantage.} 32. cxd3 g5 33. Qf3 Qb5 34. g3 Rc7 {
Useful prophylactic move, setting control over the seventh rank.} 35. Rf1 a5
36. f5 $6 {Allows Black to resume king hunting. Yet, passive strategy would
not help either.} Re7 $1 37. fxe6 Bd4 $1 {[%csl Re2][%cal Gd4g1,Ge7e2,Ye2f2,
Yf2g2] Closing way to the kingside.} 38. Rc2 Rxe6+ 39. Kd1 Rf6 40. Qe2 Be3 $1 {
The final accrod! Now White is lost.} 41. Rc8+ ({Certainly, not} 41. Rxf6 Qb1+)
41... Kg7 42. Qxe3 Rxf1+ 43. Ke2 Rf6 44. Qd4 Qf5 45. Rc5 Qf1+ 46. Kd2 Qg2+ 47.
Kc1 Qxg3 {White has no chance to save the game. The rest is fairly simple.} 48.
Rf5 Qe1+ 49. Kc2 Qe6 50. Rxa5 Qe2+ 51. Kb3 Qxh5 52. Rb5 Qd1+ 53. Kb2 Qe2+ 54.
Kb3 Qe6+ 55. Kb2 Qd6 0-1

[Event "Mermaid Beach Club"]
[Site "Bermuda"]
[Date "1999.01.27"]
[Round "7"]
[White "Arizmendi Martinez, Julen Luis"]
[Black "Gershon, Alik"]
[Result "1/2-1/2"]
[WhiteElo "2472"]
[BlackElo "2467"]
[Annotator "Atlas,V"]
[PlyCount "69"]
[EventDate "1999.01.21"]
[EventType "tourn"]
[EventRounds "13"]
[EventCountry "BER"]
[EventCategory "9"]
[SourceTitle "CBM 069"]
[Source "ChessBase"]
[SourceDate "1999.04.01"]
[SourceVersion "1"]
[SourceVersionDate "1999.04.01"]
[SourceQuality "1"]

{[%mdl 64]} 1. e4 c5 2. Nf3 d6 3. d4 cxd4 4. Nxd4 Nf6 5. Nc3 Nc6 6. f3 Qb6 7.
Nb3 e6 8. Qe2 (8. Bf4 Ne5 9. Qe2 a6 10. Be3 Qc7 11. f4 Ned7 12. a4 b6 13. g4
Bb7 14. Bg2 h6 15. g5 hxg5 16. fxg5 Nh5 17. g6 Nhf6 18. gxf7+ Kxf7 19. O-O-O
Ne5 20. h4 {1-0 Kveinys,A-Sher,M/Gistrup 1997/EXT 98 (34)}) 8... a6 9. g4 (9.
Be3 Qc7 10. g4 Be7 11. O-O-O b5 12. Qf2 Nd7 13. h4 Nce5 14. Kb1 Rb8 15. g5 b4
16. Ne2 Nc4 17. h5 a5 18. Ned4 Nde5 19. Nd2 O-O 20. Nxc4 {1-0 Blehm,P-Gershon,
A/Guarapuava 1995/Juniors (32)}) 9... h6 (9... Be7 10. h4 Qc7 11. Be3 b5 12.
O-O-O Bb7 13. Kb1 Rc8 14. g5 Nd7 15. Qf2 Nce5 16. Nd4 Nc4 17. Bh3 b4 18. Nce2
Nc5 19. Bc1 O-O 20. h5 {1-0 Iruzubieta,J-Gomez Esteban,J/Euskadi 1995/EXT 97 
(32)}) 10. Be3 Qc7 11. O-O-O b5 12. Kb1 Ne5 13. Qf2 b4 ({This principal move
leads to a very sharp play.} 13... Nc4 {deserved serious attention.}) 14. Na4
Rb8 15. Rg1 Bb7 16. Bb6 (16. h4 $5 {/\g4-g5 was an interesting option}) 16...
Qc6 17. Ba7 Ra8 18. Na5 Qxa4 19. Nxb7 Qd7 20. Qb6 ({The best move, creating an
unusual configuration of White pices on the queenside.} 20. Bxa6 {is strngly
met by} Nc6) 20... Be7 {[%csl Ra7,Rb7][%cal Gd7a7,Ga8a7,Ge5c6]} (20... Nxf3 $2
{fails to} 21. Bxa6 $18 {/\Bb5}) 21. f4 ({If} 21. Bxa6 {then} O-O 22. Bb5 Bd8)
21... Nc6 22. Nc5 {The only move.} Qxa7 23. Qxc6+ Kf8 24. g5 (24. e5 {falls
short after} dxe5 25. fxe5 Bxc5 26. exf6 Bxg1) 24... Nh5 (24... dxc5 {is
refuted by} 25. gxf6 Bxf6 26. Rd7 Rd8 27. Qd6+ Ke8 28. Rxd8+ Bxd8 29. Bxa6 $16)
(24... Qxc5 $2 25. Qxa8+ $18) 25. Nd7+ Kg8 26. g6 Nxf4 27. Bc4 Nxg6 28. Bxe6 $1
{This move forces a draw.} fxe6 29. Rxg6 Rd8 30. Rxe6 (30. Rdg1 Qxd7 (30... Bg5
31. Nb6 Qf7 $19)) 30... Qxd7 31. Qd5 {[%csl Rg8][%cal Gd5g8,Ge6d6,Ge6e7,Ge6h6]}
Kh7 ({An attempt to escape the move repetition would be suicidal:} 31... Kf8
32. Qf5+ Bf6 $4 33. Rxf6+ $1 gxf6 34. Qxf6+ Kg8 (34... Ke8 35. Qxh8+) 35. Rg1+
Kh7 36. Qg6#) 32. Qf5+ Kg8 33. Qd5 Kf8 34. Qf5+ Kg8 35. Qd5 1/2-1/2

[Event "EU-chT (Men) 11th"]
[Site "Pula"]
[Date "1997.05.??"]
[Round "4.3"]
[White "Sturua, Zurab"]
[Black "Zvjaginsev, Vadim"]
[Result "0-1"]
[WhiteElo "2560"]
[BlackElo "2610"]
[Annotator "Atlas,V"]
[PlyCount "72"]
[EventDate "1997.05.05"]
[EventType "team-swiss"]
[EventRounds "9"]
[EventCountry "CRO"]
[SourceTitle "CBM 057 Extra"]
[Source "ChessBase"]
[SourceDate "1997.05.01"]
[SourceVersion "1"]
[SourceVersionDate "1997.05.01"]
[SourceQuality "1"]
[WhiteTeam "Georgia"]
[BlackTeam "Russia"]
[WhiteTeamCountry "GEO"]
[BlackTeamCountry "RUS"]

1. e4 c5 2. Nf3 d6 3. d4 cxd4 4. Nxd4 Nf6 5. Nc3 Bd7 {An interesting concept.
The flexible text move allows Black to determine his set-up on move 6 and
leaves him a choice between Dragon and Scheveningen options.} 6. Be2 e6 ({Or} 
6... g6 7. g4 h6 8. Be3 e5 9. Ndb5 Bc6 10. Nd5 Nxd5 11. exd5 Bxb5 12. Bxb5+ Nd7
13. Qd2 a6 14. Be2 Be7 15. h4 Bxh4 16. g5 hxg5 17. Bxg5 Bxg5 18. Rxh8+ Nf8 19.
Qb4 Qd7 $132 {Cuijpers,F-Kupreichik,V/BL2-W 1994}) 7. g4 {An interesting
modification of Keres attack.} h6 8. f4 e5 $5 {A princpal continuation. 8...
Nc6 and 8...g6 also deserved attention.} 9. Nf5 Bc6 10. Bf3 g6 11. Ng3 (11. Ne3
{is met by} exf4 12. Ned5 g5) 11... Nbd7 12. f5 ({Or} 12. O-O exf4 13. Bxf4 Ne5
{, with a good play for Black.}) 12... g5 {Blsck retains good counterchances
in spite of the problems with the dark-squared bishop.} 13. a4 a6 14. Qe2 Be7
15. Be3 (15. O-O {was worth considering. The text move allows Black to get an
active play on the queenside.}) 15... b5 16. a5 Bb7 17. Nd5 $5 {An intersting
alternative was 17.0-0 /\Rfd1, and chances are about equal.} Nxd5 18. exd5 Nf6
19. Qd3 Rc8 20. c3 Qc7 $1 {Aiming at Qc4.} 21. Nh5 {A meaningful exchange,
which allows White to solve the defensive problems.} Nxh5 22. gxh5 Qc4 $1 23.
Ke2 Bd8 24. Qxc4 Rxc4 {Actual and potential problems with the pawns a5, f5, d5
and h5 compensate White's space advantage in the endgame.} 25. Kd3 Bc8 26. Be4
Bd7 27. b3 Rc8 28. c4 Ke7 29. h4 $6 ({A dubious decision. Better was} 29. Rhc1
{, with the idea c5.}) 29... f6 30. Bd2 $6 {An unfortunate choice. There was
no need to remove control over the diagonal g1-a7.} Bc7 31. Be3 ({After} 31.
Bb4 Bb8 {/\Ba7 Black activates his dark-squared bishop, obtaining a good play.}
) 31... bxc4+ 32. bxc4 Rb8 33. Kc3 Rb7 34. c5 $2 {[%csl Rb5]} ({After this
move, yielding Black a control over the fifth rank, White faces insurmountable
problems. Better was} 34. Bc2) 34... Rhb8 $1 35. Bd2 $6 Rb2 $1 {[%csl Rc3]
[%cal Gb8b3] Threatening 35...R8b3+ 36.Kc4 Bb5.} 36. Bc2 Bc8 ({A strange move.
Instead, after} 36... dxc5 {intending e4, with the decisive threat Be5, Black
must win. Probably, the mutual zeitnot influenced upon the final phase of the
game.}) 0-1